Formal methods of program verification and specification /

Bibliographic Details
Other Authors: Berg, H. K. (Helmut K.)
Format: Book
Language:English
Published: Englewood Cliffs, N.J. : Prentice-Hall, [1982]
Series:Prentice-Hall software series.
Subjects:

MARC

Tag First Indicator Second Indicator Subfields
LEADER 00000cam a2200000 a 4500
001 in00000091656
005 20150923131715.0
008 811214s1982 njua b 00100 eng
010 |a  81022719  
020 |a 0133288072 
035 |a (OCoLC)08110748 
035 |9 AAK6987AM 
039 0 |a 2  |b 3  |c 3  |d 3  |e 3 
040 |a DLC  |c DLC  |d OCL  |d TXA  |d UtOrBLW 
049 |a TXAM  |c [1673616] 
050 0 0 |a QA76.6  |b  F658 1982 
082 0 |a 001.64/25 
245 0 0 |a Formal methods of program verification and specification /  |c H.K. Berg [and others]. 
264 1 |a Englewood Cliffs, N.J. :  |b Prentice-Hall,  |c [1982] 
264 4 |c ©1982 
300 |a xiv, 207 pages :  |b illustrations ;  |c 24 cm. 
336 |a text  |b txt  |2 rdacontent 
337 |a unmediated  |b n  |2 rdamedia 
338 |a volume  |b nc  |2 rdacarrier 
490 1 |a Prentice Hall software series 
504 |a Includes bibliographical references and index. 
650 0 |a Computer programs  |x Verification. 
650 0 |a Computer programs  |x Specifications. 
700 1 |a Berg, H. K.  |q (Helmut K.) 
830 0 |a Prentice-Hall software series. 
999 |a MARS 
999 f f |s d50b480f-be99-3e2d-a57c-c7ca029804b0  |i 17e5c31f-ddbc-3a81-b6fa-a857f2cdb627  |t 0 
952 f f |p ric  |a Texas A&M University  |b Rellis Campus  |c Joint Library Facility  |d Remote Storage  |t 0  |e QA76.6 F658 1982  |h Library of Congress classification  |i unmediated -- volume  |m A14806019591 
998 f f |a QA76.6 F658 1982  |t 0  |l Remote Storage